000
00316nam a22001457a 4500
008
230601b ||||| |||| 00| 0 eng d
020
_a
9780889474598
041
_a
eng
080
_a
37
082
_a
37JAC
100
_a
22
101
_a
EDU
245
_a
PATHWAYS TO CONSTRUCTIVISM
_c
JACOBS. E
942
_2
udc
_c
BK
999
_c
59899
_d
59899